000 00363nam a22001577a 4500
003 SGT
020 _a978-81-7132-588-7
082 _a641.2
_bKUL
100 _aKULSHERESTHA, SMITA
245 _aHANDBOOK OF FOOD AND NUTRITION
250 _a1ST
260 _aINDIA
_bPOINTER PUB.
_c2022
300 _a192
650 _aFOOD AND NUTRITION
942 _2ddc
_cBK
_01
999 _c28563
_d28563